000 00481cam a2200145 4500500
005 20251228053400.0
041 _afre
042 _adc
100 1 0 _aLajoye, Patrice
_eauthor
245 0 0 _aColloques et Journées d'études
260 _c2005.
500 _a22
786 0 _nHistoire & Sociétés Rurales | 24 | 2 | 2005-10-01 | p. 286-296 | 1254-728X
856 4 1 _uhttps://shs.cairn.info/revue-histoire-et-societes-rurales-2005-2-page-286?lang=fr&redirect-ssocas=7080
999 _c1585307
_d1585307